<?xml version="1.0" encoding="UTF-8"?><?xml-stylesheet type="text/xsl" href="static/style.xsl"?><OAI-PMH xmlns="http://www.openarchives.org/OAI/2.0/" xmlns:xsi="http://www.w3.org/2001/XMLSchema-instance" xsi:schemaLocation="http://www.openarchives.org/OAI/2.0/ http://www.openarchives.org/OAI/2.0/OAI-PMH.xsd"><responseDate>2026-04-27T22:04:59Z</responseDate><request verb="GetRecord" identifier="oai:uvadoc.uva.es:10324/78014" metadataPrefix="marc">https://uvadoc.uva.es/oai/request</request><GetRecord><record><header><identifier>oai:uvadoc.uva.es:10324/78014</identifier><datestamp>2025-09-23T19:03:43Z</datestamp><setSpec>com_10324_1136</setSpec><setSpec>com_10324_931</setSpec><setSpec>com_10324_894</setSpec><setSpec>col_10324_1218</setSpec></header><metadata><record xmlns="http://www.loc.gov/MARC21/slim" xmlns:doc="http://www.lyncode.com/xoai" xmlns:xsi="http://www.w3.org/2001/XMLSchema-instance" xmlns:dcterms="http://purl.org/dc/terms/" xsi:schemaLocation="http://www.loc.gov/MARC21/slim http://www.loc.gov/standards/marcxml/schema/MARC21slim.xsd">
<leader>00925njm 22002777a 4500</leader>
<datafield tag="042" ind1=" " ind2=" ">
<subfield code="a">dc</subfield>
</datafield>
<datafield tag="720" ind1=" " ind2=" ">
<subfield code="a">Soto, P.F.</subfield>
<subfield code="e">author</subfield>
</datafield>
<datafield tag="720" ind1=" " ind2=" ">
<subfield code="a">Herráez, M.</subfield>
<subfield code="e">author</subfield>
</datafield>
<datafield tag="720" ind1=" " ind2=" ">
<subfield code="a">González, A.</subfield>
<subfield code="e">author</subfield>
</datafield>
<datafield tag="720" ind1=" " ind2=" ">
<subfield code="a">de Saja, J.A.</subfield>
<subfield code="e">author</subfield>
</datafield>
<datafield tag="260" ind1=" " ind2=" ">
<subfield code="c">1994</subfield>
</datafield>
<datafield tag="520" ind1=" " ind2=" ">
<subfield code="a">A comparative study of the acoustic impedance (Zo), ttle absorption coefficient (ct)&#xd;
and the reflection coefficient (R) of several thermoplastic porous compounds is&#xd;
presented.&#xd;
Seven closed cell crosslinked polyolefin foams and a carpet of polypropylene staple&#xd;
fibres were analysed. Measurements of the commonly used polyurethane foams were&#xd;
also recorded to compare them with the results obtained with the above recycleable&#xd;
materials.&#xd;
The behaviour of the sound absorption in terms of the mean pore size and the type&#xd;
of cell (closed or open) is considered Jbr the analysed samples.</subfield>
</datafield>
<datafield tag="024" ind2=" " ind1="8">
<subfield code="a">Polymer Testing Volume 13, Issue 1, 1994, Pages 77-88</subfield>
</datafield>
<datafield tag="024" ind2=" " ind1="8">
<subfield code="a">0142-9418</subfield>
</datafield>
<datafield tag="024" ind2=" " ind1="8">
<subfield code="a">https://uvadoc.uva.es/handle/10324/78014</subfield>
</datafield>
<datafield tag="024" ind2=" " ind1="8">
<subfield code="a">10.1016/0142-9418(94)90042-6</subfield>
</datafield>
<datafield tag="024" ind2=" " ind1="8">
<subfield code="a">77</subfield>
</datafield>
<datafield tag="024" ind2=" " ind1="8">
<subfield code="a">1</subfield>
</datafield>
<datafield tag="024" ind2=" " ind1="8">
<subfield code="a">88</subfield>
</datafield>
<datafield tag="024" ind2=" " ind1="8">
<subfield code="a">Polymer Testing</subfield>
</datafield>
<datafield tag="024" ind2=" " ind1="8">
<subfield code="a">13</subfield>
</datafield>
<datafield tag="245" ind1="0" ind2="0">
<subfield code="a">Acoustic impedance and absorption coefficient measurements of porous materials used in the automotive industry</subfield>
</datafield>
</record></metadata></record></GetRecord></OAI-PMH>